000 00865nam a22003017a 4500
001 000705
003 DO-SdBNP
005 20180212160511.0
007 000705
008 161115b 2011 pe a ||||| |||| 00| 0 spa d
020 _a9789870401568
040 _aBPMSU
_bspa
_cBPMSU
082 _axxxxx
_bxxxxx
100 1 _a Montes, Graciela
245 1 0 _aHabía una vez una [casa] /
_cGraciela Montes ; ilustraciones de Saúl Oscar Rojas.
250 _a3ª reimp.
260 _aPerú :
_bAlfaguara Infantil,
_c2011.
300 _a[12] p. :
_bil. ;
_c17 cm.
490 1 _aPictocuentos
490 1 _aAlfaguara infantil
500 _aPre-Lectores
700 1 _aRojas, Saúl Oscar
830 0 _aPictocuentos.
830 0 _aAlfaguara infantil.
942 _2ddc
_cBK
945 _aInventariado, 2018/ YL
956 _2LOPEREZ
_310
_620161115
_8BPMSU
_a00041
999 _c11966
_d11966